Engineering applications in sustainable design and development / (Record no. 569)
[ view plain ]
| 000 -LEADER | |
|---|---|
| fixed length control field | 01445nam a22003857a 4500 |
| 001 - CONTROL NUMBER | |
| control field | 18362755 |
| 005 - DATE AND TIME OF LATEST TRANSACTION | |
| control field | 20230823081303.0 |
| 008 - FIXED-LENGTH DATA ELEMENTS--GENERAL INFORMATION | |
| fixed length control field | 230823b |||||||| |||| 00| 0 eng d |
| 010 ## - LIBRARY OF CONGRESS CONTROL NUMBER | |
| LC control number | 2014954398 |
| 020 ## - INTERNATIONAL STANDARD BOOK NUMBER | |
| International Standard Book Number | 9781133629788 |
| 020 ## - INTERNATIONAL STANDARD BOOK NUMBER | |
| International Standard Book Number | 1133629784 |
| 035 ## - SYSTEM CONTROL NUMBER | |
| System control number | (OCoLC)ocn946098643 |
| 040 ## - CATALOGING SOURCE | |
| Original cataloging agency | CVU |
| Language of cataloging | eng |
| Transcribing agency | KMU |
| Description conventions | rda |
| Modifying agency | KMU |
| 042 ## - AUTHENTICATION CODE | |
| Authentication code | lccopycat |
| 050 00 - LIBRARY OF CONGRESS CALL NUMBER | |
| Classification number | TA170 |
| Item number | .Str 2016b |
| 100 1# - MAIN ENTRY--PERSONAL NAME | |
| Personal name | Striebig, Bradley A., |
| Relator term | author. |
| 245 10 - TITLE STATEMENT | |
| Title | Engineering applications in sustainable design and development / |
| Statement of responsibility, etc. | Bradley A. Striebig, Adebayo A. Ogundipe, Maria Papadakis. |
| 250 ## - EDITION STATEMENT | |
| Edition statement | SI Edition. |
| 264 #1 - PRODUCTION, PUBLICATION, DISTRIBUTION, MANUFACTURE, AND COPYRIGHT NOTICE | |
| Place of production, publication, distribution, manufacture | Boston, MA : |
| Name of producer, publisher, distributor, manufacturer | Cengage Learning |
| Date of production, publication, distribution, manufacture, or copyright notice | [2016] |
| 300 ## - PHYSICAL DESCRIPTION | |
| Extent | xvi, 762 pages : |
| Other physical details | illustrations (chiefly color), maps (chiefly color) ; |
| Dimensions | 26 cm |
| 336 ## - CONTENT TYPE | |
| Content type term | text |
| Source | rdacontent |
| 337 ## - MEDIA TYPE | |
| Media type term | unmediated |
| Source | rdamedia |
| 338 ## - CARRIER TYPE | |
| Carrier type term | volume |
| Source | rdacarrier |
| 504 ## - BIBLIOGRAPHY, ETC. NOTE | |
| Bibliography, etc. note | Includes bibliographical references and index. |
| 650 #0 - SUBJECT ADDED ENTRY--TOPICAL TERM | |
| Topical term or geographic name entry element | Sustainable engineering |
| Form subdivision | Textbooks. |
| 650 #0 - SUBJECT ADDED ENTRY--TOPICAL TERM | |
| Topical term or geographic name entry element | Sustainable development |
| Form subdivision | Textbooks. |
| 650 #7 - SUBJECT ADDED ENTRY--TOPICAL TERM | |
| Topical term or geographic name entry element | Sustainable development. |
| Source of heading or term | fast |
| Authority record control number or standard number | (OCoLC)fst01139731 |
| 650 #7 - SUBJECT ADDED ENTRY--TOPICAL TERM | |
| Topical term or geographic name entry element | Sustainable engineering. |
| Source of heading or term | fast |
| Authority record control number or standard number | (OCoLC)fst01739808 |
| 655 #7 - INDEX TERM--GENRE/FORM | |
| Genre/form data or focus term | Textbooks. |
| Source of term | fast |
| Authority record control number or standard number | (OCoLC)fst01423863 |
| 700 1# - ADDED ENTRY--PERSONAL NAME | |
| Personal name | Ogundipe, Adebayo A., |
| Relator term | author. |
| 700 1# - ADDED ENTRY--PERSONAL NAME | |
| Personal name | Papadakis, Maria, |
| Relator term | author. |
| 906 ## - LOCAL DATA ELEMENT F, LDF (RLIN) | |
| a | 7 |
| b | cbc |
| c | copycat |
| d | 2 |
| e | ncip |
| f | 20 |
| g | y-gencatlg |
| 942 ## - ADDED ENTRY ELEMENTS (KOHA) | |
| Source of classification or shelving scheme | Library of Congress Classification |
| Koha item type | Non-Fiction |
| Suppress in OPAC | No |
| Withdrawn status | Lost status | Source of classification or shelving scheme | Damaged status | Not for loan | Collection | Home library | Current library | Shelving location | Date acquired | Source of acquisition | Total Checkouts | Full call number | Barcode | Date last seen | Price effective from | Koha item type |
|---|---|---|---|---|---|---|---|---|---|---|---|---|---|---|---|---|
| Library of Congress Classification | Non-fiction | Kapasa Makasa University | Kapasa Makasa University | Open Access | 23.08.2023 | Book International Aid | TA 170 Str | 747914 | 23.08.2023 | 23.08.2023 | Non-Fiction | |||||
| Library of Congress Classification | Non-fiction | Kapasa Makasa University | Kapasa Makasa University | Open Access | 23.08.2023 | Book International Aid | TA 170 Str | 747916 | 23.08.2023 | 23.08.2023 | Non-Fiction | |||||
| Library of Congress Classification | Non-fiction | Kapasa Makasa University | Kapasa Makasa University | Open Access | 23.08.2023 | Book International Aid | TA 170 Str | 747917 | 23.08.2023 | 23.08.2023 | Non-Fiction | |||||
| Library of Congress Classification | Non-fiction | Kapasa Makasa University | Kapasa Makasa University | Open Access | 23.08.2023 | Book International Aid | TA 170 Str | 7479115 | 23.08.2023 | 23.08.2023 | Non-Fiction |